000 01061nmm a2200313 a 4500
001 ocm0001864585
003 TR-IsHL
005 20201028171659.0
008 180329s2015 tu tur
007 cr cn
020 _a9786051511597
035 _a1864585
_b(N$T)
050 0 4 _aDR590
_b.Ç45 2015
090 0 4 _aDR590
_b.Ç45 2015
100 1 _aÇelik, Mehmet
245 1 0 _aCumhuriyetin tozlu sayfaları
_h[electronic resource] /
_cMehmet Çelik ; editör Erol Şahnacı
250 _aBirinci basım
260 _aİstanbul :
_bHayat Yayınları,
_c2015
300 _a451 p.
650 4 _aTarih
650 4 _aHistory
650 0 _aTürkiye
_x Tarih
_x 1918-1960
650 0 _aTurkey
_x History
_x 1918-1960
650 0 _aTürkiye
_x Siyaset ve yönetim
_x 1918-1960
650 0 _aTurkey
_x Politics and government
_x 1918-1960
650 7 _aHISTORY / Middle East / Turkey & Ottoman Empire
_2bisacsh
700 1 _aŞahnacı, Erol
856 4 0 _uhttp://search.ebscohost.com/login.aspx?direct=true&scope=site&db=e011xww&AN=1864585
999 _c16822
_d16822